[Event "Stay Safe Play From Home 310"]
[Site "Emanuel Lasker Arena"]
[Date "2020.07.17"]
[Round "4"]
[White "Mepe_Nika"]
[Black "Little champs"]
[Result "1-0"]
[WhiteElo "2333"]
[BlackElo "2307"]
[Annotator "TA"]
[PlyCount "51"]
[EventDate "2020.07.17"]
[EventType "swiss (blitz)"]

{[%evp 10,51,25,20,25,16,26,8,39,36,39,37,60,58,79,86,83,12,98,66,115,117,137,101,347,354,357,327,809,809,784,759,1021,1002,1128,972,1200,1125,2405,2220,29990,29989,29995,29996]} 1. d4 c6 2. e4 d5 3. exd5 cxd5 4. Bd3 e6 5. f4 Nf6 6. Nf3 Be7 {B13: Caro-Kann: Exchange Variation and Panov-Botvinnik Attack.} 7. Qe2 O-O {[#]} 8. Nbd2 $146 ({Predecessor:} 8. c3 Nbd7 9. O-O b6 10. Ne5 Bb7 11. Nd2 Qc7 12. g4 g6 13. g5 Nh5 14. Ndf3 Nxe5 15. fxe5 Rfe8 16. Bd2 Bf8 17. Nh4 Ng7 18. Ng2 Nf5 19. Rf3 {1-0 (31) Schwan,W-Vijzelaar,J Hilversum 1903}) 8... Nc6 {The position is equal.} 9. c3 a5 10. Ne5 Qc7 11. O-O b6 12. Rf3 g6 13. h4 (13. Rh3 $16) 13... Bb7 (13... Bd6 $11) 14. Rh3 Nxe5 15. fxe5 Nh5 {With the idea ...Nf4.} 16. Nf3 {aiming for g4.} f6 $2 {[#] This costs Black the game.} (16... f5 $16) 17. g4 $1 $18 {[%cal Rg4h5]} Ng7 18. h5 f5 $2 (18... gxh5 19. gxh5 Kh8) 19. hxg6 hxg6 20. gxf5 exf5 21. Qg2 Qc6 22. Bg5 Rae8 23. Kf2 f4 24. Rah1 a4 25. Bxe7 Rxe7 26. Bxg6 {Accuracy: White = 86%, Black = 29%.} 1-0

[Event "Stay Safe Play From Home 310"]
[Site "Emanuel Lasker Arena"]
[Date "2020.07.17"]
[Round "4"]
[White "Lazieri3"]
[Black "Broken sword"]
[Result "0-1"]
[WhiteElo "2144"]
[BlackElo "2428"]
[Annotator "TA"]
[PlyCount "124"]
[EventDate "2020.07.17"]
[EventType "swiss (blitz)"]

{[%evp 9,124,-11,4,-14,-8,-17,-19,-47,48,55,64,62,107,112,133,135,136,58,130,69,70,67,57,17,17,20,23,-18,0,-14,16,0,0,0,0,-6,0,-4,0,-4,0,0,0,-39,-39,-43,0,-33,0,0,21,24,49,0,0,0,0,0,0,0,0,0,0,0,3,0,0,0,0,0,0,0,0,0,0,-29971,-29974,-29973,-29975,-29973,-29977,-29976,-29978,-29978,-29979,-29979,-29980,-29980,-29981,-29985,-29986,-29986,-29987,-29987,-29988,-29988,-29989,-29989,-29990,-29990,-29991,-29992,-29993,-29993,-29993,-29994,-29993,-29993,-29993,-29994,-29995,-29995,-29996,-29996,-29997,-29997,-29998]} 1. e4 c5 2. Nc3 e6 3. d3 a6 4. Nf3 d5 5. g3 Nc6 6. Bg2 {B40: Sicilian: 2...e6, Unusual lines.} d4 7. Ne2 e5 {[#]} 8. c4 $146 {The position is equal.} ({Predecessor:} 8. Nd2 Bd6 9. Nc4 Bc7 10. f4 f6 11. a4 Be6 12. b3 b5 13. axb5 axb5 14. Rxa8 Qxa8 {½-½ (67) Bildt,T (1997)-Balhar,M (1769) Fuerth 2016}) 8... dxc3 (8... Be7 $15) 9. bxc3 $14 f6 10. Be3 Be6 11. d4 exd4 12. cxd4 cxd4 13. Nexd4 (13. Nfxd4 $16 Nxd4 14. Nxd4 (14. Qxd4 Qxd4 15. Nxd4 Bb4+ 16. Ke2 Bc4+ 17. Kf3 Nh6 $14)) 13... Nxd4 (13... Bb4+ $14 14. Kf1 Bc4+ 15. Kg1 Nge7) 14. Qxd4 (14. Nxd4 $16 Bc4 15. f4) 14... Qxd4 15. Nxd4 Bb4+ 16. Kf1 Bc4+ 17. Kg1 Ne7 18. h3 O-O 19. Kh2 Rfd8 20. Rhc1 b5 21. a4 Rac8 22. axb5 axb5 23. Nf5 Nxf5 24. exf5 Kf8 25. Bb6 Re8 (25... Rd7 {with more complications.} 26. Be3 Be7 27. Kg1 Kg8 28. Ra6 Bc5) 26. Ba5 Bxa5 27. Rxa5 Re2 28. Kg1 (28. Rxb5 $5 Rxf2 29. Kg1 Rxg2+ {[%mdl 64] Remove Defender} 30. Kxg2 Bd5+ {[%mdl 64] Discovered Attack} 31. Rxd5 Rxc1 32. Rd8+ Kf7 33. Rd7+ Kf8 34. Kf3 $11) 28... Rd8 29. Bf1 {And now Rxc4 would win.} Re4 (29... Re5 {with more complications.} 30. Bxc4 Rc8 31. Kg2 Rxc4 32. Rb1 b4) 30. Bxc4 Rxc4 31. Rxc4 (31. Rb1 {keeps more tension.} b4 32. Rb5 Rdd4 33. Kg2 h5 34. Rb7) 31... bxc4 $11 {[%mdl 4096] Endgame KR-KR} 32. Rc5 Rd1+ 33. Kg2 Rc1 34. Kf3 Rc2 35. Ke3 h6 36. g4 Ke7 37. f3 Kd6 38. Rc8 Rc3+ 39. Ke4 Rc1 40. Kd4 Rf1 41. Rxc4 (41. Ke3 {is interesting.} Rh1 42. Rxc4 Rxh3 43. Kf2 h5 44. Rd4+) 41... Rxf3 {...Rf4+ is the strong threat.} 42. Rc3 $2 {[%mdl 8192] Black converts the advantage convincingly.} (42. Rc8 $11) 42... Rxc3 {Black mates.} 43. Kxc3 {[#] K3P-K3P} Ke5 $1 {[%cal Re5f4]} 44. Kd3 {[#]} Kf4 $1 {[%cal Rf4g3]} 45. Kd4 Kg3 46. Ke4 Kxh3 {K3P-KPP} 47. Kf3 Kh4 48. Kf4 h5 49. g5 fxg5+ {KP-KP} 50. Ke4 g4 51. Kf4 g3 52. Kf3 Kh3 53. f6 gxf6 54. Kf4 g2 55. Kf5 g1=Q 56. Kxf6 h4 57. Kf5 Qg4+ 58. Ke5 Kg3 59. Kf6 h3 60. Ke5 h2 61. Kf6 h1=Q 62. Ke7 Qh6 {Accuracy: White = 75%, Black = 80%.} 0-1

[Event "Stay Safe Play From Home 310"]
[Site "Emanuel Lasker Arena"]
[Date "2020.07.17"]
[Round "4"]
[White "Bardellosport"]
[Black "Lamborghini"]
[Result "0-1"]
[WhiteElo "1986"]
[BlackElo "2198"]
[Annotator "TA"]
[PlyCount "138"]
[EventDate "2020.07.17"]
[EventType "swiss (blitz)"]

{[%evp 9,138,-34,-25,-44,-22,-89,-24,-16,-4,-25,-21,-35,-24,-32,-37,-25,-5,-137,-27,-50,-31,-97,-45,-76,-41,-100,-87,-79,-81,-86,-72,-125,-124,-114,-110,-129,-112,-125,-109,-132,-112,-133,-104,-111,-87,-87,-77,-258,-273,-246,-54,-72,-63,-65,-31,-70,-32,-56,-8,-644,-120,-111,-83,-83,-52,-88,-46,-48,-48,-76,-31,-48,-8,-19,-17,-341,-368,-367,-347,-294,-1,-1,0,0,0,0,0,0,0,0,0,0,0,-67,-66,-66,0,-8,-8,-80,0,-152,-8,-8,19,0,12,0,19,0,20,0,0,0,588,0,0,0,588,0,29988,29989,29989,29989,29989,29988,29989,29990,29991,29990,29991]} 1. d4 g6 2. e3 Bg7 3. f4 d6 4. Nf3 Nf6 5. Bc4 O-O {[#]} 6. Qe2 $146 {A45: Trompowsky Attack.} ({Predecessor:} 6. O-O Nbd7 7. Qe1 c5 8. c3 e6 9. Nbd2 b6 10. Qg3 Bb7 11. Ng5 Qe7 12. b3 h6 13. Ngf3 {0-1 (31) Skvortsov,A (2076)-Timerkhanov,A (2367) Kirov 2018}) 6... Nc6 (6... c5 $5 {[%cal Rd6d5]} 7. d5 e6 $15) 7. e4 (7. Nc3 $11) 7... e5 (7... Bg4 $1 $17 8. c3 d5 9. exd5 Na5) 8. fxe5 {Black has an edge.} dxe5 9. d5 Nd4 10. Nxd4 exd4 11. O-O c6 12. dxc6 {next Bg5 is good for White.} bxc6 13. Qf3 (13. Bg5 $11 h6 14. Bxf6 Bxf6 15. Nd2) 13... Nd7 (13... Ng4 $1 $17 {Strongly threatening ...d3!} 14. Na3 Rb8) 14. Bd3 ({Wrong is} 14. Bxf7+ $2 Kh8 $19) 14... Ne5 $36 {[%mdl 2048] Black fights for an advantage.} 15. Qe2 (15. Qg3 $15) 15... c5 ({Black should play} 15... Bg4 $17 16. Qe1 c5) 16. Nd2 Be6 17. Nc4 (17. b3 $15) 17... Nxc4 $17 18. Bxc4 Bxc4 19. Qxc4 Qe7 20. Qd3 (20. Bf4 $142) 20... Rfe8 21. Re1 Rac8 22. Bf4 c4 23. Qf3 Qc5 24. Kh1 Rcd8 25. Re2 Rd7 26. Rae1 d3 27. cxd3 Rxd3 28. Qf2 $2 (28. Qf1 $17) 28... Qxf2 $19 29. Rxf2 {[#]} h6 $2 (29... Rxe4 $1 $19 {[%mdl 512]} 30. Rff1 (30. Rxe4 Rd1+) 30... Rxe1 31. Rxe1 Bxb2 32. Re8+ Kg7) 30. h4 Bd4 31. Rfe2 Re6 32. Kh2 Kg7 33. Bg3 f6 34. Kh1 $2 {[%mdl 8192]} (34. Rc1 $11) 34... g5 $2 (34... Rxg3 $19 {and Black stays clearly on top.} 35. Rd2 Be5) 35. Bf2 $17 Bxf2 36. Rxf2 {[%mdl 4096] Endgame KRR-KRR} Rd4 37. Rfe2 Re5 38. hxg5 hxg5 39. g4 a5 40. Kg2 Rd3 41. Re3 Rb5 42. R1e2 $2 {[%mdl 8192]} (42. b3 $11 {and White stays safe.}) 42... Rxe3 $19 43. Rxe3 Rxb2+ {[%mdl 64] Double Attack. KR-KR} 44. Kf3 {Now Ra3 and White clings on.} Rc2 $2 ({Black should try} 44... Rh2 $19 45. a4 Kf7) 45. Ra3 $11 {[#]} a4 $1 {[%mdl 512]} 46. Rxa4 Kg6 47. Ke3 Rc3+ 48. Kd4 Rd3+ 49. Kxc4 Rg3 50. Kd5 Rxg4 51. Rd4 (51. Ra6 $11) 51... Rg2 52. a4 Ra2 (52... g4 $1 $15 53. Kc5 Rc2+ 54. Kb5 Rb2+ 55. Kc4 g3) 53. Kc5 g4 {Threatening ...Kg5.} 54. Kb4 (54. Kb5 $11 {remains equal.}) 54... Rc2 (54... g3 $17 {...g2 is the strong threat.} 55. Rd3 Rg2) 55. Rd1 $2 {[#]} (55. a5 $11) 55... Rc8 ({Better is} 55... Re2 $1 $17 56. Ra1 Rxe4+ 57. Kc3 f5) 56. Rg1 Ra8 57. Kb5 Kf7 58. a5 Ke6 59. a6 Ke5 60. Kb6 Rb8+ 61. Kc7 (61. Ka5 $5 {[%cal Rg1g4]}) 61... Rf8 $2 {[%mdl 8192]} (61... Rg8 $11) 62. Kb7 $2 ({Only move:} 62. Rxg4 $18 {And now Rh4 would win.} Ra8 63. Kb7) 62... Rf7+ 63. Kb8 f5 $2 {[%mdl 8192]} (63... Rf8+ $11 {and Black is okay.} 64. Kb7 Rg8) 64. a7 $2 (64. exf5 $18 Rf8+ 65. Kb7 Rf7+ 66. Kb6) 64... Kxe4 $2 {[%mdl 8192]} (64... Rf8+ $11 65. Kb7 Kxe4) 65. a8=Q+ {White mates.} Kf4 66. Qa4+ Kg5 67. Qb5 Rf8+ 68. Kc7 Rf7+ 69. Kc6 Rf6+ {[%mdl 32768] A wild game. Accuracy: White = 61%, Black = 49%. . Loss on time!?} 0-1

[Event "Stay Safe Play From Home 310"]
[Site "Emanuel Lasker Arena"]
[Date "2020.07.17"]
[Round "4"]
[White "Haxhi Baha"]
[Black "Grizzzly"]
[Result "1-0"]
[WhiteElo "1934"]
[BlackElo "1895"]
[Annotator "TA"]
[PlyCount "57"]
[EventDate "2020.07.17"]
[EventType "swiss (blitz)"]

{[%evp 12,56,-27,-32,16,25,41,24,26,19,86,71,125,96,247,222,377,362,408,400,775,287,611,0,0,8,251,-668,-683,-612,-512,-491,-483,-478,-66,-65,138,-8,0,-66,-78,-89,-67,-101,29998,29999,29999]} 1. e4 e6 2. f4 d5 3. e5 c5 4. d4 Nc6 5. Nf3 Qb6 6. c3 cxd4 7. cxd4 Bb4+ {C02: French: Advance Variation.} 8. Nc3 Nge7 9. a3 Bxc3+ $1 {White has an edge.} 10. bxc3 O-O (10... Na5 $11) 11. Bd3 $16 {[#] Threatens to win with Bxh7+!} f6 $146 (11... h6 $142) ({Predecessor:} 11... g6 12. O-O Bd7 13. h4 Kg7 14. Rb1 Qc7 15. h5 Ng8 16. Nh4 Nce7 17. Qe1 Rac8 {0-1 (53) Capanda,J (1876)-Krist,M (1857) Slovakia 2016}) 12. O-O fxe5 $2 (12... Bd7 $16 {was called for.}) 13. fxe5 $18 ({Not} 13. Nxe5 Nxe5 14. fxe5 Rxf1+ 15. Qxf1 Ng6 $16) 13... Nf5 $2 (13... Bd7 14. Rb1 Qd8) 14. Kh1 Qd8 15. g4 Nh4 (15... Nfe7 $142 16. Ra2 Qe8) 16. Be3 $2 (16. Bg5 Ne7 17. Nxh4 Rxf1+ 18. Qxf1) 16... Ne7 $2 (16... Nxf3 17. Rxf3 Qe7) 17. g5 $2 ({White has to play} 17. Nxh4 $18 Bd7 18. Rb1) 17... Nxf3 18. Rxf3 Ng6 $2 (18... Rxf3 $11 {and Black is okay.} 19. Qxf3 Nf5) 19. Qe1 $4 {[%mdl 8192]} (19. Rh3 $18 Rf5 20. Qh5) 19... Rxf3 $19 20. Qe2 Rh3 21. Kg2 Rh4 {Hoping for ...Nf4+.} 22. Kg3 {[#]} Qe7 $2 ({Better is} 22... Re4 $1 $19 {Strongly threatening ...Nf4!} 23. Bxe4 dxe4) 23. Bxg6 $1 $15 Re4 $2 {[#]} (23... hxg6 $15 24. Kxh4 Bd7) 24. Bxe4 (24. Bxh7+ $1 $16 {[%mdl 512]} Kxh7 25. Qh5+ Kg8 26. g6) 24... dxe4 $11 25. Qh5 ({White should play} 25. Qb5 $11) 25... Bd7 $15 26. Rf1 Rf8 27. g6 {[%csl Gg6][%cal Rh5h7]} Rxf1 $4 {[%mdl 8192]} (27... hxg6 $17 28. Rxf8+ Qxf8) 28. Qxh7+ Kf8 29. Qh8# {Accuracy: White = 32%, Black = 15%.} 1-0

[Event "Stay Safe Play From Home 310"]
[Site "Emanuel Lasker Arena"]
[Date "2020.07.17"]
[Round "4"]
[White "Klasman"]
[Black "Greblah"]
[Result "0-1"]
[WhiteElo "1293"]
[BlackElo "1877"]
[Annotator "NA RC"]
[PlyCount "38"]
[EventDate "2020.07.17"]
[EventType "swiss (blitz)"]

1. f4 {[%emt 0:00:04]} c6 {[%emt 0:00:00]} 2. e4 {[%emt 0:00:01]} d5 {[%emt 0:00:00]} 3. e5 {[%emt 0:00:01]} Bf5 {[%emt 0:00:02]} 4. Nf3 {[%emt 0:00:03]} e6 {[%emt 0:00:00]} 5. c4 {[%emt 0:00:01]} dxc4 {[%emt 0:00:01]} 6. Bxc4 {[%emt 0:00:02]} Ne7 {[%emt 0:00:00]} 7. Qb3 {[%emt 0:00:02]} Qb6 {[%emt 0:00:03]} 8. d4 {[%emt 0:00:04]} Nd5 {[%emt 0:00:02]} 9. Nc3 {[%emt 0:00:04]} Bb4 {[%emt 0:00:01]} 10. Bd2 {[%emt 0:00:06]} Bxc3 {[%emt 0:00:01]} 11. bxc3 {[%emt 0:00:03]} Qxb3 {[%emt 0:00:00]} 12. axb3 {[%emt 0:00:07]} Nd7 {[%emt 0:00:00]} 13. Bxd5 {[%emt 0:00:03]} cxd5 {[%emt 0:00:02]} 14. O-O {[%emt 0:00:04]} Nb6 {[%emt 0:00:01]} 15. Ra3 {[%emt 0:00:05]} Kd7 {[%emt 0:00:01]} 16. Rfa1 {[%emt 0:00:01]} a6 {[%emt 0:00:01]} 17. b4 {[%emt 0:00:04]} Nc4 {[%emt 0:00:02]} 18. R3a2 {[%emt 0:00:01]} Nxd2 {[%emt 0:00:01]} 19. Nxd2 {[%emt 0:00:02]} Rac8 {[%emt 0:00:00] Time (Lag: Av=0.36s, max=0.8s) .} 0-1

[Event "Stay Safe Play From Home 310"]
[Site "Emanuel Lasker Arena"]
[Date "2020.07.17"]
[Round "5"]
[White "Hetou"]
[Black "Mepe_Nika"]
[Result "1-0"]
[WhiteElo "2530"]
[BlackElo "2349"]
[Annotator "TA"]
[PlyCount "175"]
[EventDate "2020.07.17"]
[EventType "swiss (blitz)"]

{[%evp 17,175,-17,-16,-28,-21,-29,-15,-100,-3,-20,5,5,4,-11,0,-462,25,25,41,32,50,-21,4,-60,0,0,18,-13,27,38,48,19,24,0,0,0,0,0,55,-11,-12,-46,50,-95,-92,-92,-84,-91,-23,-66,-54,-123,-54,-54,-49,-51,39,50,33,31,52,56,45,53,75,68,83,80,96,59,65,65,119,118,363,356,1256,137,165,165,164,159,151,148,159,150,275,275,275,275,275,272,276,265,856,614,583,267,266,265,12830,12830,7524,5366,12841,12841,12843,12843,12850,12848,12850,27999,12851,27999,12851,27999,12851,27999,12851,27999,12851,27999,12851,27999,27999,27998,27999,27999,27999,27999,27999,27999,27999,27999,27996,27996,27997,27995,27996,27996,27997,27995,27996,27996,27997,27997,27998,27998,27999,27999,27997,27997,27999,27996,27997,27995,27998,27995,27996,27995]} 1. e3 g6 2. Nf3 Bg7 3. d4 Nf6 4. c4 O-O 5. Nc3 d5 6. Be2 c5 7. O-O cxd4 8. Nxd4 Nc6 9. Nxc6 bxc6 10. cxd5 {A35: Symmetrical English: 2 Nc3 Nc6 3 Nf3.} cxd5 11. Bd2 Rb8 {[#]} 12. Rc1 $146 (12. b3 $11) ({Predecessor:} 12. b3 e5 13. Rc1 Re8 14. Bd3 Ng4 15. f3 e4 16. Bb5 exf3 17. Qxf3 Rf8 18. Ba4 d4 19. Nd1 Qd6 20. g3 Ne5 21. Qf4 Bb7 22. e4 f5 {0-1 (22) Klimczak,J-Arzumanyan,S ICCF corr 1992}) 12... Bb7 (12... Rxb2 $17 {White should prevent ...Bf5.} 13. Rb1 Rxb1 14. Qxb1 Bf5) 13. b3 Qb6 14. Na4 Qd6 15. Qe1 Rfc8 16. Bb4 $2 {[%mdl 8192]} (16. Bc3 $11) 16... Qd8 $2 (16... Rxc1 $19 17. Bxd6 Rxe1 18. Rxe1 exd6) 17. Nc5 $11 Bc6 18. Ba5 Qd6 19. Ba6 (19. Na6 $14) 19... Re8 20. Nd3 (20. Qe2 $11) 20... Ne4 (20... Ba8 $15 21. Nc5 Ng4) 21. Bb4 Qd7 22. f3 Nd6 23. Nc5 Qf5 24. Ba5 Bb5 25. Bxb5 Nxb5 26. Qe2 d4 $36 {[%mdl 2048] Black has some pressure.} 27. e4 Qg5 (27... Qc8 $11) 28. Nd3 (28. f4 $14 Qh5 29. Qxh5 gxh5 30. e5) 28... Rec8 29. Bd2 Qh5 (29... Qf6 $15) 30. h3 (30. Nf4 $1 $14 {keeps the upper hand.} Qe5 31. Nd5) 30... Nc3 $17 31. Bxc3 dxc3 32. Rc2 Qa5 (32... Rd8 $17 33. Rcc1 Rbc8) 33. Kh1 Rd8 34. Rfc1 (34. f4 $15) 34... Qa6 (34... Rb7 $17 {...Rbd7 is the strong threat.} 35. e5 Bh6) 35. Nf4 $15 Qxe2 36. Nxe2 Rbc8 (36... Bh6 $15 37. f4 Rd2) 37. Nxc3 $14 e6 {Threatens to win with ...Bh6.} 38. Ne2 Rxc2 39. Rxc2 {[%mdl 4096] Endgame KRB-KRN} Rd1+ 40. Kh2 Be5+ 41. f4 Bd6 42. e5 {Strongly threatening Nc3.} Be7 43. Ng3 Kg7 44. Ne4 Rd4 ({Black should play} 44... Re1 $14 45. Nd6 g5) 45. Rc4 $16 Rxc4 $2 (45... Rd7 $16 46. Ra4 h6) 46. bxc4 {KB-KN} f5 $2 (46... Kf8 47. g4 Bd8) 47. Nd2 $2 (47. exf6+ $18 Bxf6 48. Nxf6 Kxf6 49. c5) 47... Kf7 {[#]} 48. Nb3 $1 Ke8 49. Kg3 Kd7 50. Kf3 h6 51. Ke3 g5 (51... Kc6 $16 52. Kd3 Ba3) 52. g4 $18 fxg4 53. hxg4 gxf4+ 54. Kxf4 Bg5+ 55. Ke4 Kc6 $2 (55... Be7 56. c5 a6) 56. Nd4+ Kd7 57. Nb5 (57. c5 $142) 57... a6 58. Nd6 Bd8 $2 (58... Be7 59. Nf7 Bf8) 59. Nf7 Be7 60. Nxh6 Kc6 61. Nf7 Kc5 62. g5 Bxg5 63. Nxg5 Kxc4 64. Nxe6 {White wants to mate with Nd8. KN-KP} a5 65. Nd4 {e6 would kill now.} Kc5 66. e6 {Intending e7 and mate.} Kd6 67. Kd3 {Threatening mate with Ke4.} a4 68. Kc3 {White threatens Kb4 and mate.} a3 69. Kb3 Kc5 70. Kxa3 Kd6 {[#]White mates.} 71. e7 $1 Kxe7 72. Kb4 Kd6 73. Kb5 Kc7 74. a4 Kb7 75. a5 Ka7 76. a6 Ka8 77. Nb3 Kb8 78. Kb6 Ka8 79. Nd2 Kb8 80. Ne4 Ka8 81. Nf6 Kb8 82. Nd5 Kc8 83. a7 Kd7 84. a8=Q Kd6 85. Qc6+ Ke5 86. Qc5 Ke6 87. Nc3 Kf7 88. Qc4+ {What a bad dream for Black. Accuracy: White = 56%, Black = 45%.} 1-0

[Event "Stay Safe Play From Home 310"]
[Site "Emanuel Lasker Arena"]
[Date "2020.07.17"]
[Round "5"]
[White "AChessPlayer"]
[Black "Broken sword"]
[Result "0-1"]
[WhiteElo "2460"]
[BlackElo "2433"]
[Annotator "TA"]
[PlyCount "136"]
[EventDate "2020.07.17"]
[EventType "swiss (blitz)"]

{[%evp 17,135,0,8,0,0,0,0,0,0,-6,0,0,0,0,9,4,39,14,18,11,4,8,12,0,12,0,0,0,0,-28,11,0,4,-13,436,9,13,10,17,10,54,0,0,-23,12,-12,0,-34,0,0,0,0,0,-152,-76,-143,171,172,285,299,287,195,279,262,201,0,0,0,0,-1463,-1432,-5381,-1096,-29993,-2233,-29998,-29994,-29994,-29995,-29995,-29996,-29996,-29997,-29997,-29988,-29988,-29989,-29990,-29991,-29992,-29988,-29993,-29990,-29990,-29991,-29991,-29991,-29992,-29992,-29996,-29992,-29995,-29993,-29994,-29995,-29995,-29995,-29996,-29996,-29997,-29997,-29997,-29998,-29998,-29998,-29998,-29998,-29998,-29999,-29999]} 1. Nf3 d5 2. g3 c6 3. Bg2 Nf6 4. O-O Bf5 5. d4 e6 6. Nbd2 h6 7. b3 Nbd7 8. Bb2 Bd6 9. c4 O-O {9...Qb8 is the hot move.} 10. Re1 {D11: Slav Defence: 3 Nf3 sidelines and 3...Nf6 4 e3 Bg4.} Re8 11. Nh4 Bh7 12. e4 {The position is equal.} dxe4 13. Nxe4 Nxe4 14. Bxe4 Bxe4 15. Rxe4 Nf6 {[#]} 16. Re1 $146 ({Predecessor:} 16. Re2 Qd7 17. Qc2 Rad8 18. Rd1 Qc7 19. Nf3 Be7 20. Ne1 Nh7 21. Nf3 Bf6 22. Qe4 {½-½ (41) Ali,A (1419)-La Fleur,Z (1465) Port of Spain 2019}) 16... Qe7 17. Nf3 Ba3 18. Qc2 Bxb2 19. Qxb2 Red8 20. Re2 Qc7 21. Rae1 Rd6 22. Kg2 Rad8 23. h3 Qd7 24. Qc3 Qc7 25. a3 Qb6 $2 {[%mdl 8192]} (25... c5 $11) 26. b4 $2 (26. c5 $1 $18 {[%cal Rc5b6]} Nd5 27. Qc2 (27. cxb6 Nxc3 28. Rc2 Nd5 $15)) 26... Qa6 $11 27. Qb3 b5 28. c5 Rd5 29. Re5 (29. Ra1 $14) 29... Qb7 30. a4 a6 31. axb5 axb5 32. R5e3 Qc7 33. Ra1 {[%cal Be1a1,Ba1a6,Ba6b6][%mdl 32]} R5d7 34. Ra6 Nd5 35. Ne5 $2 (35. Re1 $11) 35... Nxe3+ (35... Qb7 $142 $1 36. Qa3 Nxe3+ {[%mdl 64] Discovered Attack} 37. fxe3 Rc7) 36. fxe3 {[#]} ({White should play} 36. Qxe3 Qc8 37. Rxc6) 36... Re7 $2 {[%mdl 8192]} (36... Qc8 $1 $17 {[%cal Rc8a6] stays on course.} 37. Qa2 Rc7) 37. Nxc6 $18 {[%mdl 64] Double Attack} Qb7 (37... Rc8 {was called for.}) 38. Rb6 Qa8 {...Rc7 is the strong threat.} 39. Kf2 Red7 (39... Ree8 $142) 40. Nxd8 Rxd8 {[%mdl 4096] Endgame KQR-KQR} 41. Qc2 $2 ({Not} 41. Rxb5 Qh1 $14) (41. c6 $18) 41... Qh1 $11 {Hoping for ...Qh2+.} 42. Qe2 $1 Ra8 {Threatens to win with ...Ra1.} 43. Rxb5 $2 {[%mdl 8192] [#] Black keeps a firm grip on the game.} (43. c6 $11 e5 44. dxe5) 43... Ra1 $1 $19 44. Rb8+ Kh7 {( -> ...f5)} 45. h4 Rg1 (45... f5 $142 46. g4 Qh2+ {[%mdl 64] Double Attack} 47. Kf3 fxg4+ 48. Ke4 Qxe2 49. Ke5 Qh2+ 50. Kxe6 Qxb8 51. Kd5 g3 52. b5 Qxb5 53. Ke4 g2 54. Kf4 g1=Q 55. Kf3 Qc6+ 56. e4 Re1 57. h5 Qxe4#) 46. Qf3 Rf1+ {Black mates.} 47. Ke2 Qxf3+ 48. Kd2 Rf2+ 49. Kc3 Qxe3+ 50. Kc4 Qe4 51. Kb5 {[#]} Rb2 $1 52. Rb6 Qxd4 53. Ka6 Rxb4 54. Kb7 Qxc5 55. Rxb4 Qxb4+ 56. Kc6 Qc3+ 57. Kd7 Qxg3 58. Ke7 Qf4 59. h5 e5 60. Kf8 e4 61. Ke8 e3 62. Ke7 e2 63. Kf8 f5 64. Kf7 Qe3 65. Kf8 f4 66. Kf7 f3 67. Kf8 f2 {[%cal Rf2f1]} 68. Kf7 f1=Q# {Accuracy: White = 59%, Black = 57%.} 0-1